Sehenswürdigkeiten Österreichs #3 - Statistiken

Allgemein
  • Dieses Quiz wurde 67 mal gespielt
  • Das Durchschnittsergebnis liegt bei 3 aus 12
Antwortstatistiken
Bildquiz Antwort % Korrekt
Goldenes Dachl
88%
Hahnenkamm
56%
Bergiselschanze
49%
Europabrücke
40%
Kristallwelten
26%
Schloss Ambras
16%
Festung Kufstein
14%
Innsbrucker Dom
14%
Triumphpforte
14%
Maria-Theresia-Straße
5%
Lienzer Rathaus
4%
Schloss Landeck
2%
Keine übereinstimmenden Quizze gefunden
Verteilung der Resultate
Anzahl Personen mit jedem Resultat
Perzentil nach korrekt beantworteten Fragen
Ihre Resultats-Entwicklung
Sie haben dieses Quiz noch nicht gespielt